000
00341nam a22001577a 4500
003
MPLRDC
005
20220104114554.0
008
210129b ||||| |||| 00| 0 eng d
082
_a
193 XCY
100
_a
不详
245
_a
传家宝
_c
260
_a
_b
新企业图书出版社
_c
300
_b
平
650
_a
942
_c
BK
_o
193 XCY
999
_c
8533
_d
8523